000 00213nam a22000977a 4500
999 _c16067
_d16067
003 OSt
008 191029b ||||| |||| 00| 0 eng d
100 _aDamodharan,K.
_94519
245 _aKerala Charithram
942 _cBK